Y a mi, qué me importa? : notas sobre sociabilidad y política en Argentina y Brasil.

Detalles Bibliográficos
Autor principal: O'Donnell, Guillermo A.
Formato: Libro
Lenguaje:inglés
Publicado: Buenos Aires Cedes 1984
Colección:Estudios Cedes
Materias:

MARC

LEADER 00000cam a2200000 a 4500
001 027650
003 UAHC_CL
005 20170803122830.0
008 020808b xx j 000 1 eng
040 |a UAHC_CL  |c UAHC_CL  |d UAHC_CL 
100 1 |a O'Donnell, Guillermo A. 
245 1 0 |a Y a mi, qué me importa? : notas sobre sociabilidad y política en Argentina y Brasil. 
260 |b Cedes  |c 1984  |a Buenos Aires 
300 |a 47 p. 
490 0 |a Estudios Cedes 
650 4 |a SOCIALIZACION 
650 4 |a CULTURA  |z ASPECTOS SOCIALES 
650 4 |a REGIMENES AUTORITARIOS  |z AMERICA LATINA 
900 |a CEDES-D3518 
942 |c BK 
952 |0 0  |1 0  |4 0  |6 CEDES_D3518  |7 0  |8 General  |9 55096  |a BC  |b BC  |c General  |d 2017-08-03  |l 0  |o CEDES-D3518  |p 1328070  |r 2019-12-02 00:00:00  |t 1  |w 2017-08-03  |y BK 
999 |c 27650  |d 27650